Statistics for Fun With Unicode

Click here to take the quiz!

General Stats

  • This quiz has been taken 29,488 times
  • The average score is 19 of 28

Answer Stats

CharacterAnswer% Correct
÷Division
94%
£Pound
92%
Euro
91%
πPi
91%
Peace
90%
© Copyright
86%
Snowflake
85%
Spade
85%
Female
84%
Infinity
83%
Telephone
82%
Square Root
80%
Sun
75%
Recycling
74%
✡ Star of David
74%
Yin Yang
71%
Radioactive
69%
Rook
69%
¥Yen
66%
Hammer and Sickle
62%
¢Cent
56%
®Registered Trademark
54%
Scales
54%
µMicro (Mu)
46%
Prescription
39%
{Maltese} Cross
34%
Ankh
24%
ə Schwa
12%

Score Distribution

Percentile by Number Answered

Percent of People with Each Score

Your Score History

You have not taken this quiz